Lexikon českých historiků 2010 /

Další autoři: Lipovski, Radek, 1978-, Dokoupil, Lumír, 1935-, Zářický, Aleš, 1973-
Jazyk: Čeština
Angličtina
Vydáno: Ostrava : Filozofická fakulta Ostravské univerzity v Ostravě, 2012
Vydání: Vyd. 1.
Témata:
Externí odkaz: Digitalizovaný dokument
Fyzický popis: 632 s. ; 30 cm + příl.
Language note: Část. souběžný anglický text
Knihy
Uloženo v:
LEADER 02224nam a2200553 a 4500
001 nkc20132458148
003 CZ PrNK
005 20181119235015.0
007 ta
008 130425s2012 xr e 001 0ccze
015 |a cnb002458148 
020 |a 978-80-7464-036-0  |q (brož.) 
035 |a (OCoLC)847728538 
040 |a ABA001  |b cze 
041 1 |a cze  |a eng  |h cze 
043 |a e-xr--- 
045 |a y0y1 
072 7 |a 930  |x Historická věda. Pomocné vědy historické. Archivnictví  |2 Konspekt  |9 8 
072 7 |a 929  |x Biografie  |2 Konspekt  |9 8 
080 |a 930-051  |2 MRF 
080 |a 929  |2 MRF 
080 |a (437.3)  |2 MRF 
080 |a (031)929  |2 MRF 
245 0 0 |a Lexikon českých historiků 2010 /  |c [uspořádali Radek Lipovski, Lumír Dokoupil, Aleš Zářický a kol.] 
246 3 1 |a Lexicon of Czech historians 2010 
250 |a Vyd. 1. 
260 |a Ostrava :  |b Filozofická fakulta Ostravské univerzity v Ostravě,  |c 2012 
300 |a 632 s. ;  |c 30 cm +  |e příl. 
500 |a Vydáno ve spolupráci se Sdružením historiků České republiky a Filozofickou fakultou Univerzity Pardubice 
500 |a 300 výt. 
504 |a Obsahuje bibliografické odkazy a rejstřík 
546 |a Část. souběžný anglický text 
648 7 |a 2001-2010  |7 ch460588  |2 czenas 
650 0 7 |a historici  |7 ph114665  |z Česko  |y 2001-2010  |2 czenas 
650 0 9 |a historians  |z Czechia  |y 2001-2010  |2 eczenas 
655 7 |a biografické slovníky  |7 fd131906  |2 czenas 
655 9 |a biographical dictionaries  |2 eczenas 
700 1 |a Lipovski, Radek,  |d 1978-  |7 osa2010530775  |4 edt 
700 1 |a Dokoupil, Lumír,  |d 1935-  |7 jk01022538  |4 edt 
700 1 |a Zářický, Aleš,  |d 1973-  |7 mzk2004258523  |4 edt 
856 4 1 |u http://www.digitalniknihovna.cz/mzk/uuid/uuid:0c2e0b60-d6bc-11e8-bc37-005056827e51  |y Digitalizovaný dokument  |x NDK 
910 2 |a BOA001  |b 4-1305.301 
928 9 |a Ostravská univerzita, Filozofická fakulta 
928 9 |a Sdružení historiků České republiky (Historický klub 1872) 
928 9 |a Filozofická fakulta Univerzity Pardubice 
990 |a BK 
995 |a 01 
991 |b 201305  |c NOV  |e n 
996 6 |b 2610548361  |c 4-1305.301  |l MZK  |r Sklad / do 1 hodiny  |n 10  |p p.v.  |w 001325413  |u 000010  |a 1  |e BOA001  |j MZK50  |s P